Consequences of small-farm mechanization / (Record no. 14605)

000 -LEADER
fixed length control field 00643cam a22002057a 4500
020 ## - INTERNATIONAL STANDARD BOOK NUMBER
ISBN 9711040824
040 ## - CATALOGING SOURCE
Transcribing agency UIU
082 04 - DEWEY DECIMAL CLASSIFICATION NUMBER
Classification number 338 INT 1983 A068 Or.
245 00 - TITLE STATEMENT
Title Consequences of small-farm mechanization /
260 ## - PUBLICATION, DISTRIBUTION, ETC. (IMPRINT)
Place of publication Los Baños, Laguna, Philippines :
Name of publisher International Rice Research Institute,
Year of publication 1983.
300 ## - PHYSICAL DESCRIPTION
Number of Pages 184 p. :
Other physical details ill., maps ;
Dimensions 23 cm.
650 #0 - SUBJECT ADDED ENTRY--TOPICAL TERM
Topical Term Farms, Small
650 #0 - SUBJECT ADDED ENTRY--TOPICAL TERM
Topical Term Farm mechanization
650 #0 - SUBJECT ADDED ENTRY--TOPICAL TERM
Topical Term Farm mechanization
650 #0 - SUBJECT ADDED ENTRY--TOPICAL TERM
Topical Term Rice
650 #7 - SUBJECT ADDED ENTRY--TOPICAL TERM
Topical Term Maquinas Agricolas, Mecanica E Motores.
710 2# - ADDED ENTRY--CORPORATE NAME
Corporate name or jurisdiction name as entry element International Rice Research Institute.
710 2# - ADDED ENTRY--CORPORATE NAME
Corporate name or jurisdiction name as entry element Agricultural Development Council.
942 ## - ADDED ENTRY ELEMENTS (KOHA)
Koha item type សៀវភៅភាសាអង់គ្លេស
952 ## - LOCATION AND ITEM INFORMATION (KOHA)
Withdrawn status [LOCAL, KOHA] 0
Holdings
Permanent Location Date acquired Koha item type Lost status Shelving location Barcode Current Location Full call number
Library Block A2017-10-20សៀវភៅភាសាអង់គ្លេស A068A20648Library Block A338 INT 1983 A068 Or.
មជ្ឈមណ្ឌលឯការនៃសាកលវិទ្យាល័យភូមិន្ទកសិកម្មចំការដូង

Powered by Koha